Normal view
MARC view
Entry Personal Name
001 - CONTROL NUMBER
- control field: 218133
003 - CONTROL NUMBER IDENTIFIER
- control field: OSt
005 - DATE AND TIME OF LATEST TRANSACTION
- control field: 20250711100158.0
008 - FIXED-LENGTH DATA ELEMENTS
- fixed length control field: 250711|| aca||aabn | a|a d
040 ## - CATALOGING SOURCE
- Original cataloging agency: OSt
- Transcribing agency: OSt
100 ## - HEADING--PERSONAL NAME
- Personal name: Ballal, Saketh
670 ## - SOURCE DATA FOUND
- Source citation: Work cat.: (OSt)234616: Ballal, Saketh. 222117, Real-time multilingual music analysis system /, 2024.